| 000 | 00926nam a2200265 i 4500 | ||
|---|---|---|---|
| 001 | 126776 | ||
| 003 | ES-MaACL | ||
| 005 | 20240605131135.0 | ||
| 007 | t| | ||
| 008 | 070214s1975 sp r ||||1| spa d | ||
| 020 | _a84-334-9002-8 | ||
| 080 | _a860-92"19"(082.2) | ||
| 245 | 0 | 3 |
_aEl reto de los halcones : _bantología de la prensa apocalíptica en la apertura (febrero de 1974-junio de 1975) / _cCamilo J. Cela Conde ; prólogo, Dionisio Ridruejo. |
| 250 | _a1ª ed. | ||
| 260 |
_aMadrid : _bJúcar, _c1975. |
||
| 300 |
_a272 p. : _bil. ; _c23 cm. |
||
| 490 | 1 | _aLa vela latina | |
| 650 | 4 |
_aPrensa- _zEspaña- _y1939-1975. _9171695 |
|
| 650 | 4 |
_aPrensa y política- _zEspaña- _y1939-1975. _9162320 |
|
| 700 | 1 |
_aCela Conde, Camilo José, _d1946- _937340 |
|
| 700 | 1 |
_aRidruejo, Dionisio, _d1912-1975 _997065 |
|
| 830 | 1 |
_aLa vela latina _9183417 |
|
| 852 | 4 |
_aES-MaACL _jA-7573 |
|
| 999 |
_c126776 _d126776 |
||